000 00432nam a2200169Ia 4500
003 GCL
008 140319s9999 xx 000 0 eng d
040 _aGCL /
_cGCL
082 0 4 _a657.044
_bC I
100 1 _aCHASTEEN, LANNY
245 1 0 _aINTERMEDIATE ACCOUNTING /
_cCHASTEEN, LANNY
700 1 _aFLAHERTY, RICHARD
260 _a[S.N] :
_bMC GRAW - HILL ،
_c1995
300 _a1201 P
650 0 4 _aACCOUNTING
942 _2ddc
_cBK
999 _c24974
_d24974